UM Logo

Innovating the pulic sector leadership : (Record no. 22338)

MARC details
000 -LEADER
fixed length control field 00566nam a22001337a 4500
005 - DATE AND TIME OF LATEST TRANSACTION
control field 20241008101019.0
008 - FIXED-LENGTH DATA ELEMENTS--GENERAL INFORMATION
fixed length control field 241008b |||||||| |||| 00| 0 eng d
100 ## - MAIN ENTRY--PERSONAL NAME
Personal name Ugaddan, Reginald G.
Relator term author.
9 (RLIN) 62521
245 ## - TITLE STATEMENT
Title Innovating the pulic sector leadership :
Remainder of title entrepreneurial leadership and employee outcomes in public sector organizations /
Statement of responsibility, etc. Reginald G. Ugaddan.
260 ## - PUBLICATION, DISTRIBUTION, ETC. (IMPRINT)
Place of publication, distribution, etc. Philippines;
Name of publisher, distributor, etc. Litera Trading Inc.,
Date of publication, distribution, etc. July-December 2019.
300 ## - PHYSICAL DESCRIPTION
Extent Volume 63, pages 109-134,
Other physical details illustration.
700 ## - ADDED ENTRY--PERSONAL NAME
Personal name Ugaddan, Reginald G.
Relator term author.
9 (RLIN) 62522
942 ## - ADDED ENTRY ELEMENTS (KOHA)
Source of classification or shelving scheme Dewey Decimal Classification
Koha item type Periodicals
Holdings
Withdrawn status Lost status Source of classification or shelving scheme Damaged status Not for loan Collection code Home library Current library Date acquired Total Checkouts Date last seen Price effective from Koha item type Public note
    Dewey Decimal Classification     Periodicals UM Digos College - LIC UM Digos College - LIC 10/08/2024   10/08/2024 10/08/2024 Periodicals Periodical Article